Radiological conditions in areas of Kuwait with residues of depleted uranium : report by an international group of experts
Αποθηκεύτηκε σε:
| Συγγραφή απο Οργανισμό/Αρχή: | |
|---|---|
| Μορφή: | Βιβλίο |
| Γλώσσα: | English |
| Δημοσίευση: |
Vienna :
International Atomic Energy Agency,
2003
|
| Σειρά: | Radiological assessment reports series
|
| Θέματα: | |
| Ετικέτες: |
Προσθήκη ετικέτας
Δεν υπάρχουν, Καταχωρήστε ετικέτα πρώτοι!
|
MARC
| LEADER | 00000nam a2200000 i 4500 | ||
|---|---|---|---|
| 001 | 1/74343 | ||
| 008 | 080212s2003 eng d | ||
| 020 | |a 92-0-106603-1 | ||
| 035 | |l 10094620 | ||
| 040 | |a GR-MY-UA |b gre |e aacr | ||
| 041 | 0 | |a eng | |
| 082 | 0 | |a 363.72892095367 |2 (22) | |
| 110 | 2 | |a International Atomic Energy Agency. | |
| 245 | 1 | 0 | |a Radiological conditions in areas of Kuwait with residues of depleted uranium : |b report by an international group of experts / |c International Atomic Energy Agency |
| 260 | |a Vienna : |b International Atomic Energy Agency, |c 2003 | ||
| 300 | |a 73 ; |b πίν., έγχρ. εικ.; |c 30 εκ. | ||
| 490 | 1 | |a Radiological assessment reports series | |
| 504 | |a Περιέχει βιβλιογραφικές αναφορές | ||
| 650 | 0 | 0 | |a Radioactive pollution |z Kuwait. |
| 650 | 0 | 0 | |a Uranium |x Health aspects. |
| 650 | 0 | 0 | |a Radiation |x Safety measures. |
| 650 | 0 | 0 | |a Radioactive pollution |x Measurment. |
| 830 | 0 | |a Radiological assessment reports series | |
| 852 | |a INST |b LESVOS |e 20080212 |h 363.72892095367 INT |p 005100040688 |q 005100040688 |t BK |y 0 | ||
| 901 | |a BIBL1-2008-1 | ||
| 909 | |a Λ |b 145255 | ||
| 922 | |a 1ΕΛΗ |b 200801 |c ΕΠΕΑΕΚ2/ΤΠ |d ΕΛΕΥΘΕΡΟΥΔΑΚΗΣ | ||
| 970 | |a ΧΑΤΖΗΜΙΧΑΗΛ |b ΜΑΡΙΑ |z 2008/02/12 | ||